| 000 | 00369nam a2200121Ia 4500 | ||
|---|---|---|---|
| 008 | 170224s9999 xx 000 0 und d | ||
| 245 | 4 | _aThe impact of nurses’ spiritual health on their attitudes toward spiritual care, professional commitment, and caring | |
| 260 | _bNursing Outlook | ||
| 260 | _c2016 | ||
| 300 | _a64:3 | ||
| 500 | _aMay-June | ||
| 650 | _xNursing. | ||
| 999 |
_c317039 _d317039 |
||